|
|
|
|
| LEADER |
01226nam a2200325 4500 |
| 001 |
41670 |
| 003 |
BD-DhAAL |
| 005 |
20230910111618.0 |
| 008 |
230907t2011 nyu||||| b||| 001 0 eng d |
| 020 |
|
|
|a 9780805838350
|
| 020 |
|
|
|a 0805833463
|
| 020 |
|
|
|a 080583835X
|
| 040 |
|
|
|a BD-DhAAL
|d BD-DhAAL
|
| 082 |
|
|
|a 306.44
|2 23
|
| 245 |
|
|
|a Rights to language :
|b equity, power, and education : celebrating the 60th birthday of Tove Skutnabb-Kangas /
|c edited by Robert Phillipson.
|
| 260 |
|
|
|a New York, NY :
|b Routledge,
|c 2011.
|
| 300 |
|
|
|a 310 pages :
|b illustrations ;
|c 24 cm.
|
| 504 |
|
|
|a Includes bibliographical references (pages [289]-303) and index.
|
| 526 |
|
|
|a ENH
|
| 541 |
|
|
|a Trim Education
|e 41670
|
| 650 |
|
|
|a Language policy.
|
| 650 |
|
|
|a Language and education.
|9 55486
|
| 650 |
|
|
|a Human rights.
|
| 650 |
|
|
|a Language planning.
|
| 650 |
|
|
|a English language.
|9 55498
|
| 700 |
|
|
|a Phillipson, Robert.
|9 55490
|
| 852 |
|
|
|a Ayesha Abed Library
|c General Stacks
|
| 942 |
|
|
|2 ddc
|c BK
|
| 999 |
|
|
|c 46086
|d 46086
|
| 952 |
|
|
|0 0
|1 0
|2 ddc
|4 0
|6 306_440000000000000_RIG
|7 0
|9 74335
|a BRACUL
|b BRACUL
|c GEN
|d 2023-09-05
|e Trim education
|g 4730.00
|l 1
|o 306.44 RIG
|p 3010041670
|r 2024-08-14
|s 2024-04-16
|t 1
|v 4730.00
|w 2023-09-05
|y BK
|